La felicidad personal (Record no. 12815)

MARC details
000 -LEADER
campo de control de longitud fija 00707nam a2200241 i 4500
001 - NÚMERO DE CONTROL
campo de control 12815
003 - IDENTIFICADOR DE NÚMERO DE CONTROL
campo de control ES-MaACL
005 - FECHA Y HORA DE LA ÚLTIMA TRANSACCIÓN
campo de control 20230906150418.0
007 - CAMPO FIJO DE DESCRIPCIÓN FÍSICA--INFORMACIÓN GENERAL
campo de control de longitud fija t|
008 - DATOS DE LONGITUD FIJA--INFORMACIÓN GENERAL
campo de control de longitud fija 960206s1995 sp |||| | spa j
020 ## - NÚMERO INTERNACIONAL ESTÁNDAR DEL LIBRO
Número Internacional Estándar del Libro 84-7880-497-8
080 ## - NÚMERO DE LA CLASIFICACIÓN DECIMAL UNIVERSAL
Número de la Clasificación Decimal Universal 17.023.3
100 1# - ENTRADA PRINCIPAL--NOMBRE DE PERSONA
Nombre de persona Bolinches Sánchez, Antonio.
9 (RLIN) 29962
245 13 - MENCIÓN DEL TÍTULO
Título La felicidad personal
Resto del título : del cambio psicológico a la revolución interior /
Mención de responsabilidad, etc. Antonio Bolinches.
250 ## - MENCION DE EDICION
Mención de edición 1ª ed.
260 ## - PUBLICACIÓN, DISTRIBUCIÓN, ETC.
Lugar de publicación, distribución, etc. Madrid :
Nombre del editor, distribuidor, etc. Temas de Hoy,
Fecha de publicación, distribución, etc. 1995.
300 ## - DESCRIPCIÓN FÍSICA
Extensión 157 p. ;
Dimensiones 21 cm.
490 1# - MENCIÓN DE SERIE
Mención de serie Fin de siglo ;
Designación de volumen o secuencia 64
650 14 - PUNTO DE ACCESO ADICIONAL DE MATERIA--TÉRMINO DE MATERIA
Término de materia o nombre geográfico como elemento de entrada Autorrealización.
9 (RLIN) 10441
830 0# - PUNTO DE ACCESO ADICIONAL DE SERIE-TÍTULO UNIFORME
Título uniforme Fin de siglo ;
Designación de volumen o secuencia 64
9 (RLIN) 179377
852 ## - LOCALIZACIÓN
Ubicación ES-MaACL
Número de control de estantería L-20169
Holdings
Estatus retirado Estado de pérdida Estado de daño No para préstamo Biblioteca de origen Biblioteca actual Ubicación en estantería Fecha de adquisición Fuente de adquisición Total de préstamos Signatura topográfica completa Código de barras Visto por última vez Precio de reemplazo Tipo de ítem Koha
        Biblioteca del Ateneo de Madrid Biblioteca del Ateneo de Madrid Depósito 2 17/01/2008     L-20169 1013054 23/02/2023 23/02/2023 Libro impreso